| 000 | 00666cam a2200217 a 4500 | ||
|---|---|---|---|
| 001 | 1999818 | ||
| 005 | 20250203202208.0 | ||
| 008 | 900215s1990 maua b 001 0 eng | ||
| 020 | _a0316274631 (v. 1) | ||
| 020 | _a0316274674 (v. 2) | ||
| 020 | _a0316274666 (v. 3) | ||
| 050 | 0 | 0 |
_aKF801 _b.F367 1990 |
| 082 | 0 | 0 |
_a346.73/02 _a347.3062 _220 |
| 100 | 1 |
_aFarnsworth, E. Allan _q(Edward Allan), _d1928-2005. |
|
| 245 | 1 | 0 |
_aFarnsworth on contracts / _cE. Allan Farnsworth. |
| 260 |
_aBoston : _bLittle, Brown, _cc1990. |
||
| 300 |
_a3 v. : _bill. ; _c27 cm. |
||
| 500 | _aKept up to date by supplements. | ||
| 650 | 0 |
_aContracts _zUnited States. |
|
| 942 |
_2lcc _cBK _n0 |
||
| 999 |
_c3406 _d3406 |
||